Missouri State Basketball: Top 10 All-Time Leaders - Statistics

General Stats
  • This quiz has been taken 3 times
    0 since last reset
  • The average score is 0 of 88
Answer Stats
Category # Player Amount % Correct
Three Pointers Made 5 Adam Leonard 189
0%
Rebounds 2 Alize Johnson 735
0%
Points Per Game 7 Alize Johnson 14.9
0%
Assists 2 Arnold Bernard 456
0%
Steals 6 Arnold Bernard 132
0%
Three Pointers Made 6 Austin Ruder 173
0%
Assists 4 Basil Robinson 391
0%
Points 7 Ben Kandlbinder 1,429
0%
Rebounds 10 Ben Kandlbinder 588
0%
Steals 8 Ben Kandlbinder 122
0%
Three Pointers Made 10 Ben Kandlbinder 142
0%
Field Goal Percent 6 Ben Kandlbinder 45.7%
0%
Points 4 Blake Ahearn 1,677
0%
Three Pointers Made 1 Blake Ahearn 276
0%
Games 5 Blake Ahearn 129
0%
Assists 3 Brian Smith 425
0%
Games 10 Christian Kirk 125
0%
Rebounds 4 Clint Thomas 666
0%
Points 3 Danny Moore 1,691
0%
Rebounds 6 Danny Moore 634
0%
Blocks 2 Danny Moore 167
0%
Field Goal Percent 2 Danny Moore 53.7%
0%
Points Per Game 3 Danny Moore 17.3
0%
Points Per Game 2 Darryl Reid 17.5
0%
Steals 3 Deven Mitchell 161
0%
Games T6 Deven Mitchell 128
0%
Blocks 6 Donovan Clay 94
0%
Field Goal Percent 5 Donovan Clay 47.5%
0%
Assists 5 Dorrian Williams 373
0%
Blocks 3 Drew Richards 133
0%
Points 8 Gaige Prim 1,338
0%
Rebounds 8 Gaige Prim 627
0%
Blocks 7 Gaige Prim 92
0%
Field Goal Percent 1 Gaige Prim 55.2%
0%
Points Per Game 6 Gaige Prim 15.6
0%
Points 6 Isiaih Mosley 1,434
0%
Field Goal Percent 3 Isiaih Mosley 49.8%
0%
Points Per Game 4 Isiaih Mosley 15.9
0%
Three Pointers Made 8 JaMonta' Black 158
0%
Points 10 Jarred Dixon 1,245
0%
Steals 7 Jarred Dixon 126
0%
Games T6 Jarred Dixon 128
0%
Blocks 8 Johnny Epps 90
0%
Points 2 Johnny Murdock 1,834
0%
Assists 6 Johnny Murdock 367
0%
Three Pointers Made 2 Johnny Murdock 266
0%
Field Goal Percent 8 Johnny Murdock 40.9%
0%
Points Per Game 5 Johnny Murdock 15.8
0%
Assists 8 Justin Fuehrmeyer 329
0%
Rebounds 5 Kelby Stuckey 661
0%
Steals 9 Kellen Easley 117
0%
Points 5 Kevin Ault 1,508
0%
Assists 9 Kevin Ault 323
0%
Steals 1 Kevin Ault 243
0%
Three Pointers Made 3 Kevin Ault 254
0%
Games T2 Kevin Ault 132
0%
Points 1 Kyle Weems 1,868
0%
Rebounds 1 Kyle Weems 844
0%
Steals 4 Kyle Weems 146
0%
Blocks 4 Kyle Weems 114
0%
Three Pointers Made 4 Kyle Weems 240
0%
Field Goal Percent 7 Kyle Weems 43.9%
0%
Points Per Game 10 Kyle Weems 13.9
0%
Games 1 Kyle Weems 134
0%
Points Per Game 9 Marcus Marshall 14.0
0%
Blocks 10 Monwell Randle 78
0%
Rebounds 7 Nathan Bilyeu 628
0%
Steals 10 Nathan Bilyeu 113
0%
Games T2 Nathan Scheer 132
0%
Rebounds 9 Obediah Church 607
0%
Blocks 1 Obediah Church 201
0%
Assists 7 Ryan Bettenhausen 344
0%
Games T8 Ryan Bettenhausen 126
0%
Three Pointers Made 7 Ryan Kreklow 168
0%
Games T8 Ryan Kreklow 126
0%
Blocks 9 Scott Brakebill 89
0%
Assists 10 Spencer Laurie 312
0%
Three Pointers Made 9 Spencer Laurie 148
0%
Rebounds 3 Tamarr Maclin 697
0%
Blocks 5 Tamarr Maclin 96
0%
Points Per Game 8 Terrance McGee 14.5
0%
Assists 1 William Fontleroy 471
0%
Steals 2 William Fontleroy 164
0%
Games 4 William Fontleroy 130
0%
Points 9 Winston Garland 1,248
0%
Steals 5 Winston Garland 141
0%
Field Goal Percent 4 Winston Garland 48.4%
0%
Points Per Game 1 Winston Garland 18.9
0%
No matching quizzes found
Score Distribution
Percent of People with Each Score
Percentile by Number Answered
Your Score History
You have not taken this quiz since the last reset